<?xml version="1.0" encoding="UTF-8"?><?xml-stylesheet type="text/xsl" href="static/style.xsl"?><OAI-PMH xmlns="http://www.openarchives.org/OAI/2.0/" xmlns:xsi="http://www.w3.org/2001/XMLSchema-instance" xsi:schemaLocation="http://www.openarchives.org/OAI/2.0/ http://www.openarchives.org/OAI/2.0/OAI-PMH.xsd"><responseDate>2026-04-14T05:07:36Z</responseDate><request verb="GetRecord" identifier="oai:www.recercat.cat:20.500.12327/133" metadataPrefix="marc">https://recercat.cat/oai/request</request><GetRecord><record><header><identifier>oai:recercat.cat:20.500.12327/133</identifier><datestamp>2025-10-22T11:08:54Z</datestamp><setSpec>com_2072_4428</setSpec><setSpec>com_2072_4427</setSpec><setSpec>col_2072_487898</setSpec></header><metadata><record xmlns="http://www.loc.gov/MARC21/slim" xmlns:dcterms="http://purl.org/dc/terms/" xmlns:xsi="http://www.w3.org/2001/XMLSchema-instance" xmlns:doc="http://www.lyncode.com/xoai" xsi:schemaLocation="http://www.loc.gov/MARC21/slim http://www.loc.gov/standards/marcxml/schema/MARC21slim.xsd">
   <leader>00925njm 22002777a 4500</leader>
   <datafield ind2=" " ind1=" " tag="042">
      <subfield code="a">dc</subfield>
   </datafield>
   <datafield ind2=" " ind1=" " tag="720">
      <subfield code="a">Bou, Ricard</subfield>
      <subfield code="e">author</subfield>
   </datafield>
   <datafield ind2=" " ind1=" " tag="720">
      <subfield code="a">Llauger, Mar</subfield>
      <subfield code="e">author</subfield>
   </datafield>
   <datafield ind2=" " ind1=" " tag="720">
      <subfield code="a">Arnau, Jacint</subfield>
      <subfield code="e">author</subfield>
   </datafield>
   <datafield ind2=" " ind1=" " tag="720">
      <subfield code="a">Fulladosa, Elena</subfield>
      <subfield code="e">author</subfield>
   </datafield>
   <datafield ind2=" " ind1=" " tag="260">
      <subfield code="c">2018-02-01</subfield>
   </datafield>
   <datafield ind2=" " ind1=" " tag="520">
      <subfield code="a">The contents of zinc-protoporphyrin (ZnPP) and heme in twenty-four sliced Parma hams made without the addition of curing agents were determined. Expressed on a dry weight basis, ZnPP averaged 45 mg/kg and ranged from 23 to 85 mg/kg. The heme content averaged 37 mg/kg on a dry matter basis and ranged from 17 to 73 mg/kg. A Principal Component Analysis (PCA) and Partial Least Squares (PLS) regression analyses were carried out to examine the existing correlations between these pigments and various physicochemical parameters in the final product. PCA showed the existence of associations between ZnPP, sensory redness and salt content. PLS suggests that the conversion of ZnPP from heme is facilitated in those hams with a higher proteolysis index and higher marbling.</subfield>
   </datafield>
   <datafield ind1="8" ind2=" " tag="024">
      <subfield code="a">Bou, Ricard, Mar Llauger, Jacint Arnau, and Elena Fulladosa. 2018. "Zinc-Protoporphyrin Content In Commercial Parma Hams Is Affected By Proteolysis Index And Marbling". Meat Science 139: 192-200. Elsevier BV. doi:10.1016/j.meatsci.2018.01.027.</subfield>
   </datafield>
   <datafield ind1="8" ind2=" " tag="024">
      <subfield code="a">0309-1740</subfield>
   </datafield>
   <datafield ind1="8" ind2=" " tag="024">
      <subfield code="a">http://hdl.handle.net/20.500.12327/133</subfield>
   </datafield>
   <datafield ind1="8" ind2=" " tag="024">
      <subfield code="a">https://doi.org/10.1016/j.meatsci.2018.01.027</subfield>
   </datafield>
   <datafield ind2="0" ind1="0" tag="245">
      <subfield code="a">Zinc-protoporphyrin content in commercial Parma hams is affected by proteolysis index and marbling</subfield>
   </datafield>
</record></metadata></record></GetRecord></OAI-PMH>